All Countries That Have Won The World Cup - Statistics

General Stats
  • This quiz has been taken 92 times
  • The average score is 8 of 8
Answer Stats
Continent Answer % Correct
South America Argentina
100%
South America Brazil
100%
Europe France
99%
Europe Germany
99%
Europe Spain
99%
South America Uruguay
97%
Europe Italy
96%
Europe England
92%
No matching quizzes found
Score Distribution
Percent of People with Each Score
Percentile by Number Answered
Your Score History
You have not taken this quiz